书目信息 |
| 题名: |
中国大地构造问题
|
|
| 作者: | 陈国达 著 | |
| 分册: | ||
| 出版信息: | 北京 科学出版社 1965 |
|
| 页数: | 183页 | |
| 开本: | 26cm | |
| 丛书名: | ||
| 单 册: | ||
| 中图分类: | P548 | |
| 科图分类: | ||
| 主题词: | 大地构造学--中国 , 构造地质学 | |
| 电子资源: | ||
| ISBN: | ||
| 000 | 00623nam0 2200241 45 981 | |
| 001 | 0660785391 | |
| 005 | 20060728165342.43 | |
| 010 | @b精装本@dCNY1.90 | |
| 091 | @a13031.2125 | |
| 100 | @a19960311d1965 em y0chiy0121 ea | |
| 101 | 0 | @achi |
| 102 | @aCN@b110000 | |
| 105 | @afa z 000yy | |
| 106 | @ar | |
| 200 | 10 | @a中国大地构造问题@f陈国达等著@Azhong guo da di gou zao wen ti |
| 210 | @a北京@c科学出版社@d1965 | |
| 215 | @a183页@c图,表@d26cm | |
| 606 | @a大地构造学@y中国 | |
| 606 | 0 | @a构造地质学 |
| 690 | @aP548@v3 | |
| 701 | 0 | @a陈国达@4著@Achen guo da |
| 801 | 0 | @c20060728 |
| 905 | @a10447@dP548@e82 | |
| 中国大地构造问题/陈国达等著.-北京:科学出版社,1965 |
| 183页:图,表;26cm |
| ISBN (精装本):CNY1.90 |
| ● |
| 相关链接 |
|
|
|
|
正题名:中国大地构造问题
索取号:P548/82
 
预约/预借
| 序号 | 登录号 | 条形码 | 馆藏地/架位号 | 状态 | 备注 |
| 1 | 0439010 | 204390104 | 密集书库/ [索取号:P548/82] | 在馆 |